LIBRARY & INFORMATION CENTRE, KCAET, TAVANUR

ONLINE PUBLIC ACCESS CATALOGUE (OPAC)

Hydraulics and Fluid Mechanics / (Record no. 1344)

MARC details
000 -LEADER
fixed length control field 00300cam a2200121ua 4500
082 ## - DEWEY DECIMAL CLASSIFICATION NUMBER
Classification number 532
Item number JAG/HY
100 ## - MAIN ENTRY--AUTHOR NAME
Personal name Jagdish, Lal.
245 ## - TITLE STATEMENT
Title Hydraulics and Fluid Mechanics /
250 ## - EDITION STATEMENT
Edition statement 7 /
260 ## - PUBLICATION, DISTRIBUTION, ETC. (IMPRINT)
Place of publication Delhi :
Name of publisher Metropolitan Book Co.private Ltd ,
Year of publication 1980.
300 ## - PHYSICAL DESCRIPTION
Number of Pages 734 ; .
942 ## - ADDED ENTRY ELEMENTS (KOHA)
Koha item type Books
Holdings
Withdrawn status Lost status Damaged status Home library Current library Date acquired Full call number Accession Number Koha item type
      KAUAET KAUAET 07/04/2012 532 JAG/HY 14262 Books
      KAUAET KAUAET 07/04/2012 532 JAG/HY 13469 Books
      KAUAET KAUAET 07/04/2012 532 JAG/HY 14265 Books
      KAUAET KAUAET 07/04/2012 532 JAG/HY 14263 Books
Withdrawn     KAUAET KAUAET 07/04/2012 532 JAG/HY 14264 Books
      KAUAET KAUAET 07/04/2012 532 JAG/HY 14261 Books
      KAUAET KAUAET 19/08/1986     Books
free website counter